Statistiques concernant Pokémon commençant par O

Cliquez ici pour prendre le quiz!

Statistiques générales

  • Ce quiz a été pris 1 214 fois
    (113 depuis la dernière actualisation)
  • Le résultat moyen est 12 sur 21

Statistiques - réponses

Réponse% Correct
363Obalie
86%
086Otaria
82%
105Ossatueur
78%
104Osselait
78%
604Ohmassacre
67%
044Ortide
67%
728Otaquin
67%
730Oratoria
65%
362Oniglali
63%
095Onix
61%
729Otarlette
61%
224Octillery
57%
390Ouisticram
53%
360Okéoké
51%
688Opermine
51%
1017Ogerpon
45%
928Olivini
37%
810Ouistempo
37%
533Ouvrifier
35%
977Oyacata
35%
929Olivado
31%

Distribution des résultats

Percentile par nombre de réponses

% des personnes avec chaque résultat

Votre développement - résultats

Vous n’avez pas pris ce quiz depuis la dernière actualisation